Missing Word: Highest Rated TV Quiz Stats

 Plays Quiz Updated Feb 21, 2015

Challenge
Share
Tweet
Embed
Score 0/18 Timer 04:00
2 Plays Today
TV Show Missing Word % Correct
Breaking _____Bad
98.6%
_____ of ThronesGame
97.6%
Arrested _____Development
92.4%
House of _____Cards
91.5%
Twin _____Peaks
83.3%
_____ and GeeksFreaks
79.3%
Monty Python's _____ CircusFlying
72.9%
_____ ZoneTwilight
72.8%
_____ GearTop
67%
TV Show Missing Word % Correct
_____: The Last AirbenderAvatar
57%
The _____ at WarWorld
53.4%
Batman: The _____ SeriesAnimated
43.4%
Last Week _____ with John OliverTonight
38%
True _____Detective
34.3%
_____ BebopCowboy
24.7%
Rick and _____Morty
24.3%
Fullmetal _____: BrotherhoodAlchemist
20.5%
Attack on _____Titan
17.4%

Today's Daily Dose

You're not logged in!

Compare scores with friends on all Sporcle quizzes.
Join for Free
OR
Log In

You Might Also Like...

Show Comments

Extras

Top Quizzes Today


Score Distribution

Your Account Isn't Verified!

In order to create a playlist on Sporcle, you need to verify the email address you used during registration. Go to your Sporcle Settings to finish the process.

Report this User

Report this user for behavior that violates our Community Guidelines.

Details: